| 000 | 00797nam a22002537a 4500 | ||
|---|---|---|---|
| 005 | 20170124110016.0 | ||
| 010 | _aB-226530 | ||
| 020 |
_c395.00 _a9788130901787 |
||
| 035 | _aB-226530 | ||
| 037 | _bCen Lib/Ret | ||
| 040 |
_aDPL _bEN |
||
| 082 |
_a338.4791 _bHIN |
||
| 100 |
_aHinch, Thomas _918757 |
||
| 245 |
_aSport tourism development / _cby Thomas Hinch [and] James Higham |
||
| 260 |
_bViva Books _c2006 _aNew Delhi |
||
| 270 |
_bNew Delhi _a4262/3, ansari road, darya ganj _e110002 |
||
| 300 |
_axv, 254p. : _c23cm(pbk) |
||
| 490 |
_aAspects of tourism _v13 |
||
| 500 | _aIncludes bibliographical references and index | ||
| 650 |
_aTourism _974848 |
||
| 650 |
_aSport tourism _918759 |
||
| 700 |
_aHigham, James _974849 |
||
| 942 |
_2ddc _cEN _h338.4791 _mHIN |
||
| 999 |
_c126887 _d126887 |
||